000 00417nam a2200181Ia 4500
008 210210b1951 xxu||||| |||| 00| 0 eng d
041 _aeng
082 _a825/547
100 _aMACDONALD (W L)
245 _aPope and his critics
260 _aLondon
_bJ M Dent and Sons Ltd.
_c1951
650 _aPope
650 _ahis
650 _acritics
650 _aand
690 _aEnglish Criticism
906 _a014863
999 _c134087
_d134087